The multiculturalism of fear (Record no. 21669)
[ view plain ]
| 000 -LEADER | |
|---|---|
| fixed length control field | 01337nam a2200349Ia 4500 |
| 100 1# - MAIN ENTRY--AUTHOR NAME | |
| Personal name | Levy, Jacob T., |
| 245 14 - TITLE STATEMENT | |
| Title | The multiculturalism of fear |
| 260 ## - PUBLICATION, DISTRIBUTION, ETC. (IMPRINT) | |
| Place of publication | Oxford ; |
| -- | New York : |
| Name of publisher | Oxford University Press, |
| Year of publication | c2000. |
| 300 ## - PHYSICAL DESCRIPTION | |
| Number of Pages | viii, 268 p. |
| 650 #0 - SUBJECT ADDED ENTRY--TOPICAL TERM | |
| Topical Term | Ethnic relations |
| Topical Term | Fear |
| Topical Term | Multiculturalism. |
| Topical Term | Nationalism. |
| Topical Term | Political violence. |
| Topical Term | Social conflict |
| 856 40 - ELECTRONIC LOCATION AND ACCESS | |
| Uniform Resource Identifier | http://site.ebrary.com/lib/rucke/Doc?id=10273315 |
No items available.
